000 00371nam a2200145Ia 4500
008 240624s9999 xx 000 0 und d
041 _aeng
082 _a658.4 BRA
100 _aBRANNOCK JAMES W
245 _aBUSINESS CASE ANALYSIS EXAMPLES CONCEPTS
250 _a(2nd ed.)
260 _c2012
_aFlorida
_bSTS Publications
300 _a400 p.; 23 cm.
365 _c
_b33
999 _c32141
_d32141